Communauté urbaine de Dunkerque Grand Littoral - Statistiques

Statistiques générales
  • Ce quiz a été pris 97 fois
  • Le résultat moyen est 9 sur 17
Réponses sur la Carte
Les réponses sont colorées sur une échelle allant du rouge au vert en fonction du pourcentage des utilisateurs qui les ont devinées à leur premier essai. Vous pouvez retrouver ces pourcentages ci-dessous.
 
Statistiques - réponses
Communes % Correct
Dunkerque
95%
Grande Synthe
85%
Gravelines
72%
Bray Dunes
70%
Leffrinckoucke
70%
Coudekerque Branche
66%
Loon Plage
59%
Bourbourg
52%
Cappelle la Grande
52%
Grand Fort Philippe
51%
Ghyvelde
48%
Zuydcoote
44%
Téteghem Coudekerque Village
34%
Armbouts Cappel
30%
Spycker
29%
Craywick
27%
Saint Georges sur l'Aa
18%
Aucun quiz correspondant
Distribution des résultats
% des personnes avec chaque résultat
Percentile par nombre de réponses
Votre historique - résultats
Vous n’avez pas pris ce quiz